<?xml version="1.0" encoding="UTF-8"?>
<record
    xmlns:xsi="http://www.w3.org/2001/XMLSchema-instance"
    xsi:schemaLocation="http://www.loc.gov/MARC21/slim http://www.loc.gov/standards/marcxml/schema/MARC21slim.xsd"
    xmlns="http://www.loc.gov/MARC21/slim">

  <leader>04547nam a2200421 a 4500</leader>
  <controlfield tag="003">CHAP</controlfield>
  <controlfield tag="005">20250606130217.0</controlfield>
  <controlfield tag="007">ta</controlfield>
  <controlfield tag="008">250606s2002    mx bd  frm    00110 spa d</controlfield>
  <datafield tag="040" ind1=" " ind2=" ">
    <subfield code="c">CHAP</subfield>
    <subfield code="a">mxchpua</subfield>
    <subfield code="e">rda</subfield>
  </datafield>
  <datafield tag="041" ind1="0" ind2=" ">
    <subfield code="a">spa</subfield>
    <subfield code="b">eng</subfield>
  </datafield>
  <datafield tag="090" ind1=" " ind2=" ">
    <subfield code="a">Tesis </subfield>
    <subfield code="b">M672 </subfield>
    <subfield code="c">2002</subfield>
  </datafield>
  <datafield tag="100" ind1="1" ind2=" ">
    <subfield code="a">Morales Mart&#xED;nez, Jorge Alberto</subfield>
  </datafield>
  <datafield tag="240" ind1="1" ind2="0">
    <subfield code="a">Project technical feasibility study for the establishment of a producing plant of champi&#xF1;&#xF3;n (Agaricus bisporus) in the municipality of P&#xE9;njamo, Guanajuato.</subfield>
    <subfield code="l">Espa&#xF1;ol</subfield>
  </datafield>
  <datafield tag="245" ind1="1" ind2="0">
    <subfield code="a">Proyecto de factibilidad t&#xE9;cnico econ&#xF3;mica para la instalaci&#xF3;n de una planta productora de champi&#xF1;&#xF3;n (Agaricus bisporus) en el municipio de P&#xE9;njamo, Guanajuato /</subfield>
    <subfield code="c">Jorge Alberto Morales Mart&#xED;nez</subfield>
  </datafield>
  <datafield tag="264" ind1=" " ind2=" ">
    <subfield code="a">Chapingo, M&#xE9;xico :</subfield>
    <subfield code="b">El autor,</subfield>
    <subfield code="c">2002</subfield>
  </datafield>
  <datafield tag="300" ind1=" " ind2=" ">
    <subfield code="a">ix, 120 hojas :</subfield>
    <subfield code="b">mapas, gr&#xE1;ficas, diagramas. tablas</subfield>
  </datafield>
  <datafield tag="336" ind1=" " ind2=" ">
    <subfield code="2">rdacontent</subfield>
    <subfield code="a">texto</subfield>
    <subfield code="b">txt</subfield>
  </datafield>
  <datafield tag="337" ind1=" " ind2=" ">
    <subfield code="2">rdamedia</subfield>
    <subfield code="a">no mediado</subfield>
    <subfield code="b">n</subfield>
  </datafield>
  <datafield tag="338" ind1=" " ind2=" ">
    <subfield code="2">rdacarrier</subfield>
    <subfield code="a">volumen</subfield>
    <subfield code="b">nc</subfield>
  </datafield>
  <datafield tag="502" ind1=" " ind2=" ">
    <subfield code="a">Tesis </subfield>
    <subfield code="b">(Ingeniero Agroindustrial) -- </subfield>
    <subfield code="c">UACh. Departamento de Ingenier&#xED;a Agroindustrial,</subfield>
    <subfield code="d">2002</subfield>
  </datafield>
  <datafield tag="504" ind1=" " ind2=" ">
    <subfield code="a">Bibliograf&#xED;a: hojas 106-107</subfield>
  </datafield>
  <datafield tag="520" ind1="3" ind2=" ">
    <subfield code="a">El cultivo de hongos representa a nivel mundial una nueva forma de aprovechar los residuos de las plantas procedentes de la agricultura mediante la utilizaci&#xF3;n de cierta tecnolog&#xED;a y procesos biol&#xF3;gicos, creando as&#xED;, un alimento rico en prote&#xED;nas, adem&#xE1;s, de ser econ&#xF3;mico para las masas consumidoras en todo el mundo. El presente proyecto se realiz&#xF3; con el prop&#xF3;sito de determinar la rentabilidad econ&#xF3;mica y el riesgo que representa la instalaci&#xF3;n de una planta productora de champi&#xF1;&#xF3;n en el poblado de La Estaci&#xF3;n, en el municipio de P&#xE9;njamo. Guanajuato. Para la puesta en marcha de la planta, se requiere de una inversi&#xF3;n inicial de $ 2,087,989 para lo cual fue propuesto un cr&#xE9;dito bancario que cubra un 70%, y un cr&#xE9;dito FONAES del 30% para cubrir las inversiones fijas y diferidas, debido a que los socios propuestos son campesinos que no pueden sufragar dicha inversi&#xF3;n con recursos propios. Mientras que para el capital de trabajo se propuso cubrir el 60% con cr&#xE9;dito bancario y para el restante 40%, se utilizar&#xE1;n recursos propios. Por &#xE9;stas condiciones, principalmente, el proyecto resulta no factible para la regi&#xF3;n dada, en las condiciones establecidas, lo cual se resume en que los costos de operaci&#xF3;n resultan ser mayores que las utilidades por ventas, obteniendo a&#xF1;o tras a&#xF1;o p&#xE9;rdidas tanto para el proyecto como para la empresa.&#xA0;--</subfield>
  </datafield>
  <datafield tag="520" ind1="3" ind2=" ">
    <subfield code="a">The culture of fungi represents a current of biotechnological processes, cconomically usable, able to turn the remainders of plants (lignocelul&#xF3;sicos) coming from agriculture, by means of the use ofa relatively cheap microbial technology, in rich human protein food (Wood and Smith, mentioned by Gea, 1997). This culture appears like an alternative to traditional agriculture (Gea, 1997). The present project was made with the purpose of determining the technical feasibility, the economic yield and the risk that the installation of a producing plant of Champi&#xF1;&#xF3;n in the town of the Sation represents, in the municipality of P&#xE9;njamo, Guanajuato. For the beginning of the plant, it is required of an initial investment of $ 2.087.989 for which a banking credit was propOsed (70%), and credit FONAES (30%) to cover the fixed and deferred investments, whereas for the capital of work it proposed out to cover 60 % with banking credit and the rest 40%, own resources will be used. By these conditions, mainly, the project is non feasible for the given region, in the established conditions, which is transformed in which the operation costs turn out to be mayors that the utilities by sales, obtaining year after year lost as much for the project as for the company, and the money lent by the banks, also it is made more and more high.&#xA0;</subfield>
  </datafield>
  <datafield tag="650" ind1="1" ind2="3">
    <subfield code="a">Agaricus bisporus</subfield>
    <subfield code="x">Producci&#xF3;n  </subfield>
  </datafield>
  <datafield tag="650" ind1="1" ind2="3">
    <subfield code="a">Hongos comestibles</subfield>
    <subfield code="x">An&#xE1;lisis de mercado</subfield>
    <subfield code="2">atg</subfield>
  </datafield>
  <datafield tag="650" ind1="1" ind2="3">
    <subfield code="a">Industria agr&#xED;cola</subfield>
    <subfield code="x">Iniciativa empresarial</subfield>
    <subfield code="z">M&#xE9;xico</subfield>
    <subfield code="z">Guanajuato  </subfield>
    <subfield code="2">atg</subfield>
  </datafield>
  <datafield tag="650" ind1="1" ind2="3">
    <subfield code="a">Agaricus bisporus</subfield>
    <subfield code="x">Production  </subfield>
    <subfield code="2">atg</subfield>
  </datafield>
  <datafield tag="650" ind1="1" ind2="3">
    <subfield code="a">Edible fungi</subfield>
    <subfield code="x">Market analysis</subfield>
    <subfield code="2">atg</subfield>
  </datafield>
  <datafield tag="650" ind1="1" ind2="0">
    <subfield code="a">Agricultural industry</subfield>
    <subfield code="x">Entrepreneurship</subfield>
    <subfield code="z">M&#xE9;xico</subfield>
    <subfield code="z">Guanajuato  </subfield>
    <subfield code="2">atg</subfield>
  </datafield>
  <datafield tag="700" ind1="1" ind2=" ">
    <subfield code="a">Ponce Hern&#xE1;ndez, Pedro</subfield>
    <subfield code="e">director</subfield>
  </datafield>
  <datafield tag="700" ind1="1" ind2=" ">
    <subfield code="a">Mart&#xED;nez Romero, Salvador</subfield>
    <subfield code="e">asesor</subfield>
  </datafield>
  <datafield tag="700" ind1="1" ind2=" ">
    <subfield code="a">Ascencio Rivera, J. Rogelio</subfield>
    <subfield code="e">asesor</subfield>
  </datafield>
  <datafield tag="901" ind1=" " ind2=" ">
    <subfield code="a">TESIS M672 2002</subfield>
  </datafield>
  <datafield tag="942" ind1=" " ind2=" ">
    <subfield code="c">TESIS</subfield>
    <subfield code="2">Clasificaci&#xF3;n Universidad Aut&#xF3;noma Chapingo</subfield>
  </datafield>
  <datafield tag="999" ind1=" " ind2=" ">
    <subfield code="c">220567</subfield>
    <subfield code="d">220567</subfield>
  </datafield>
  <datafield tag="952" ind1=" " ind2=" ">
    <subfield code="0">0</subfield>
    <subfield code="1">0</subfield>
    <subfield code="2">local</subfield>
    <subfield code="4">0</subfield>
    <subfield code="5">1</subfield>
    <subfield code="7">0</subfield>
    <subfield code="8">TESIS</subfield>
    <subfield code="a">IA_</subfield>
    <subfield code="b">IA_</subfield>
    <subfield code="d">2025-06-06</subfield>
    <subfield code="e">El autor</subfield>
    <subfield code="l">0</subfield>
    <subfield code="o">Tesis M672 2002</subfield>
    <subfield code="p">1101015515</subfield>
    <subfield code="r">2026-02-02 00:00:00</subfield>
    <subfield code="t">Ej. 1</subfield>
    <subfield code="w">2025-06-06</subfield>
    <subfield code="y">TESIS</subfield>
  </datafield>
  <datafield tag="952" ind1=" " ind2=" ">
    <subfield code="0">0</subfield>
    <subfield code="1">0</subfield>
    <subfield code="2">local</subfield>
    <subfield code="4">0</subfield>
    <subfield code="5">5</subfield>
    <subfield code="7">0</subfield>
    <subfield code="8">TESIS</subfield>
    <subfield code="a">IA_</subfield>
    <subfield code="b">IA_</subfield>
    <subfield code="e">El autor</subfield>
    <subfield code="l">0</subfield>
    <subfield code="o">Tesis M672 2002</subfield>
    <subfield code="p">1101015516</subfield>
    <subfield code="r">2026-02-02 00:00:00</subfield>
    <subfield code="t">Ej. 2</subfield>
    <subfield code="y">TESIS</subfield>
  </datafield>
</record>
